000 01023aam a2200289 ac4500
001 511941
003 BLK
005 20250710143902.0
007 ta
008 221104b bu |||||r|||| 00| | bu d
020 _a9781626924673
040 _aBLK
041 _aENG
_cENG
080 _9231478
_aИздания за деца и юноши. Книжки-картинки. Читанки. Вж и 372.4
_b087.5
_z087.5
080 _9233295
_aКарикатура. Комикс
_b741.5
_z741.5
084 _aN 16
245 _aThe girl from the other side
_bSiúil, a Rún: comics : Vol. 1
_cNagabe, Ysabet Reinhardt MacFarlane; transl. Adrienne Beck
260 _9212965
_aLos Angeles
_bSeven Seas Publ.
_c2017
300 _a120 p.
_bill.
_c19 cm
380 _aDN
773 0 _z9781626924673
_w511941
_tThe girl from the other side
_iЧаст от:
856 _i0.00
_ldisable
942 _2udc
_cSET
_n0
_05
944 _cНора Радева
_k30551
_lБояна Костадинова
999 _c511945
_d511945
999 _d511945
999 _d511945